000
00246nam a2200109Ia 4500
999
_c
9946
_d
9946
020
_a
978-0131918351
100
_a
William Stallings
245
0
_a
Wireless Communications & Networks
260
_a
India
_b
Dorling
_c
2006
300
_a
641
942
_c
BK